| 000 | 01108nam a22002777a 4500 | ||
|---|---|---|---|
| 003 | DO-SdBNP | ||
| 005 | 20250120084525.0 | ||
| 006 | a||||gr|||| 00| 0 | ||
| 007 | ta | ||
| 008 | 230824e2001 dr ||||| |||| 00| p spa d | ||
| 040 |
_aDO-SdBNP _bspa _cBNPHU _erda |
||
| 082 | 4 |
_222 _bA958a |
|
| 100 | 1 |
_aAvilés Blonda, Máximo, _d1931-1988 _eautor _97914 |
|
| 245 | 1 | 0 |
_aAmor es la palabra: _bpoema clandestino escrito durante la época de la resitencia antitrujillista. / _cMáximo Avilés Blonda; edición al cuidado de Rafael González Tirado. |
| 264 | 1 |
_bSanto Domingo : _aAcademia Dominicana de la Lengua, _c2001 |
|
| 300 |
_a42 págianas ; _c21 cm. |
||
| 336 |
_2rdacontent _atexto _btx |
||
| 337 |
_2rdamedia _asin mediación _bn |
||
| 338 |
_2rdacarrier _avolumen _bnc |
||
| 490 | _afamilia Blonda Fondeur | ||
| 500 | _aPoema inédito de Máximo Avilés Blonda escrito en el mes de mayo de 1957 durante la dictadura de Trujillo. | ||
| 500 | _aPortada: Obra de Lepe (1964), Óleo sobre tela. | ||
| 590 | _aInventariado 2023 / MF | ||
| 700 | 1 |
_aGonzález Tirado, Rafael _93030 _eeditor |
|
| 942 |
_2ddc _cLF2 |
||
| 999 |
_c54512 _d54512 |
||